Necrología del Excmo. Sr. D. Joaquín Alcaide y Molina / (Record no. 155167)

MARC details
000 -LEADER
campo de control de longitud fija 00818nam a2200169 i 4500
001 - NÚMERO DE CONTROL
campo de control 155167
003 - IDENTIFICADOR DE NÚMERO DE CONTROL
campo de control ES-MaACL
005 - FECHA Y HORA DE LA ÚLTIMA TRANSACCIÓN
campo de control 20250804063428.0
008 - DATOS DE LONGITUD FIJA--INFORMACIÓN GENERAL
campo de control de longitud fija 011207s1897 sp |||| | spa d
040 ## - FUENTE DE CATALOGACIÓN
Centro catalogador/agencia de origen EXT
Lengua de catalogación spa
Centro/agencia transcriptor EXT
100 1# - ENTRADA PRINCIPAL--NOMBRE DE PERSONA
Nombre de persona Hazañas y La Rúa, Joaquín,
Fechas asociadas al nombre 1862-1934
9 (RLIN) 62227
245 10 - MENCIÓN DEL TÍTULO
Título Necrología del Excmo. Sr. D. Joaquín Alcaide y Molina /
Mención de responsabilidad, etc. escrita y publicada en cumplimiento de acuerdo de la Real Academia Sevillana de Buenas Letras por ... Joaquín Hazañas y La Rua, y leída en ... 26 de noviembre de 1896.
260 ## - PUBLICACIÓN, DISTRIBUCIÓN, ETC.
Lugar de publicación, distribución, etc. Sevilla :
Nombre del editor, distribuidor, etc. [s.n.],
Fecha de publicación, distribución, etc. 1897 (
Fabricante Tip. de Francisco de P. Díaz)
300 ## - DESCRIPCIÓN FÍSICA
Extensión 18 p. ;
Dimensiones 22 cm.
852 ## - LOCALIZACIÓN
Ubicación ES-MaACL
Número de control de estantería T-1013-F-5
Nota libre -- Enc. hol. conservando la enc. editorial
-- -- Ded. ms. del autor al Ateneo
-- -- Enc. en un vol. facticio
Holdings
Estatus retirado Estado de pérdida Estado de daño No para préstamo Colección Biblioteca de origen Biblioteca actual Ubicación en estantería Fecha de adquisición Total de préstamos Signatura topográfica completa Código de barras Visto por última vez Precio de reemplazo Tipo de ítem Koha
        Colección de folletos Biblioteca del Ateneo de Madrid Biblioteca del Ateneo de Madrid Depósito folletos 17/01/2008   T-1013-F-5 1162313 23/02/2023 23/02/2023 Folleto